| 000 | 00803nam a2200217Ia 4500 | ||
|---|---|---|---|
| 999 |
_c40788 _d40788 |
||
| 001 | 7427 | ||
| 003 | GE_BSU | ||
| 005 | 20231201174008.0 | ||
| 008 | 181216s1969||||ge |||||||||||||| ||geo|| | ||
| 040 | _cGE_BSU | ||
| 041 | _ageo | ||
| 080 | _a821.353.1-1 დ-15 | ||
| 100 |
_aდავითაძე, ემენ _93500 |
||
| 245 |
_aგზა მშვიდობისა : _bლექსები / _cემენ დავითაძე ; რედ. რ. ართილაყვა. |
||
| 264 |
_aბათუმი : _bსაბჭ.აჭარა, _c1969. |
||
| 300 |
_a50 გვ. ; _c16 სმ. |
||
| 653 | _aგზა მშვიდობისა | ||
| 653 | _aლექსები | ||
| 700 |
_aართილაყვა, ა. _eრედაქტორი _920561 |
||
| 942 |
_cBK _2udc |
||